00653 2200241 4500001002100000005001700021008004100038035002400079040001200103082001100115090001800126100002200144245005800166250001100224260003500235300003100270650001400301850001200315990002100327990002100348990002100369990002100390YOGYA-0209000007113520090227093521.0 ind  0010-020900000071135 aYPODDIY a639.34 a639.34bKun F aKUNCORO, Eko Budi aFrontosa, ikan hias unggulan eksporcEko Budi Kuncoro aCet. 1 aJakartabPenebar Swadayac2004 aviii, 96 hlmbilusc21 cm. aIkan Hias aYOPDYOG a33777-PD/A.08b1 a33778-PD/A.08b1 a33779-PD/A.08b1 a33780-PD/A.08b1